| 000 | 00570nam a2200169Ia 4500 | ||
|---|---|---|---|
| 003 | GCL | ||
| 008 | 140319s9999 xx 000 0 ara d | ||
| 040 |
_aGCL / _cGCL |
||
| 082 | 0 | 4 |
_a342.09 _bع ق |
| 245 | 1 | 0 |
_aقانون الادارة المحلية ولائحته التنفيذية : _bوالقوانين والقرارات المكملة له |
| 300 |
_a332 ص ؛ _c24 سم |
||
| 650 | 0 | 4 | _aالادارة المحلية |
| 650 | 0 | 4 | _aحقوق الانسان |
| 650 | 0 | 4 | _aالقانون الادارى |
| 650 | 0 | 4 | _aالقانون المحلى |
| 942 |
_2ddc _cBK |
||
| 999 |
_c6369 _d6369 |
||